Gares du Val d'Oise - Statistiques

Statistiques générales
  • Ce quiz a été pris 197 fois
  • Le résultat moyen est 37 sur 68
Statistiques - réponses
Nombre de voyageurs Gares % Correct
21 292 129 Ermont - Eaubonne
93%
966 246 Ermont Halte
90%
7 148 098 Cergy Le Haut
89%
12 719 391 Cergy Préfecture
89%
7 092 079 Cergy Saint Christophe
89%
7 693 222 Pontoise
88%
15 763 808 Garges - Sarcelles
84%
15 911 703 Argenteuil
83%
5 568 376 Sarcelles - Saint Brice
80%
5 458 186 Franconville - Le Plessis Bouchard
77%
4 702 890 Montigny - Beauchamp
76%
6 996 926 Enghien les Bains
75%
1 288 628 Pierrelaye
75%
1 860 521 Saint Ouen l'Aumône
73%
1 948 901 Saint Ouen l'Aumône Liesse
73%
605 653 Saint Ouen l'Aumône - Quartier de l'Eglise
73%
476 249 Luzarches
72%
3 824 386 Persan - Beaumont
72%
3 364 563 Herblay
71%
966 593 La Frette - Montigny
70%
3 788 517 Sannois
69%
10 546 906 Villiers le Bel - Gonesse - Arnouville
68%
3 040 947 Deuil - Montmagny
67%
2 336 723 Saint Gratien
64%
1 480 078 Montsoult - Maffliers
63%
1 470 194 Taverny
63%
2 800 451 Cernay
62%
885 238 Valmondois
62%
4 590 519 Goussainville
60%
6 361 192 Val d'Argenteuil
60%
2 949 331 La Barre Ormesson
57%
488 469 Osny
56%
2 505 145 Domont
55%
1 980 516 Louvres
55%
3 621 836 Cormeilles en Parisis
54%
3 317 212 Neuville Université
54%
2 271 180 Saint Leu la Forêt
54%
1 501 362 Groslay
50%
900 094 L'Isle Adam - Parmain
50%
1 734 432 Ecouen - Ezanville
49%
1 856 300 Survilliers - Fosses
49%
1 972 164 Champ de Courses d'Enghien les Bains
48%
95 597 Auvers sur Oise
45%
97 167 Us
43%
800 955 Bessancourt
41%
247 894 Boissy l'Aillerie
41%
785 853 Eragny - Neuville
41%
1 027 928 Bouffémont - Moisselles
39%
198 282 Chars
39%
1 282 751 Les Noues
39%
685 155 Méry sur Oise
39%
261 972 Viarmes
39%
53 822 Seugy
37%
1 649 369 Gros Noyer Saint Prix
36%
307 808 Presles - Courcelles
36%
376 179 Frépillon
34%
413 212 Mériel
34%
208 735 Pont Petit
31%
332 029 Champagne sur Oise
30%
77 940 Epluches
30%
23 765 Montgeroult - Courcelles
30%
601 907 Vaucelles
30%
387 335 Nointel - Mours
29%
179 006 Belloy - Saint Martin
27%
40 596 Chaponval
24%
93 418 Villaines
24%
110 117 Bruyères sur Oise
23%
31 561 Santeuil - Le Perchay
23%
Aucun quiz correspondant
Distribution des résultats
% des personnes avec chaque résultat
Percentile par nombre de réponses
Votre historique - résultats
Vous n’avez pas pris ce quiz